00286nam a2200121Ia 4500008004100000041000800041082001500049100001900064245001300083260003400096300002300130365001100153240624s9999 xx 000 0 und d aeng a891.46 DES aDESHPANDEY P L aGANDHIJI c2006aPunebRajhans Prakashan a86 : p. : cm. ; 22 cRSb20